000 01015nam a22002297a 4500
005 20240530110455.0
008 150601s2011 jo ad g 000 0 ara d
017 _a2010/10/4021
_bالمملكة الاردنية الهاشمية . المكتبة الوطنية
040 _aEG-CaGPL
082 0 4 _221
_a372.7\
_bع ت
100 0 _aعباس ناجى المشهدانى
245 1 0 _aتعليم المفاهيم و المهارات فى الرياصيات :
_bتطبيقات و امثلة /
_cعباس ناجى المشهدانى
260 _aعمان ( الاردن ) :
_bدار اليازورى العلمية للنشر و التوزيع ،
_c2011 .
300 _a210 ص :
_bايض ؛
_c24 سم .
650 0 4 _aالرياضيات
650 0 4 _aالرياضيات
_xتعليم و تدريس
650 0 4 _aالرياضيات
_xطرق التدريس
650 0 4 _aالبديهيات الرياضية
650 0 4 _aكسور الاعداد
942 _2ddc
_cBK
999 _c61349
_d61349